[Event "IBM-B"]
[Site "Amsterdam"]
[Date "1971.??.??"]
[Round "2"]
[White "Van der Weide, Piet"]
[Black "Smejkal, Jan"]
[Result "1-0"]
[WhiteElo "2320"]
[BlackElo "2515"]

1.e4 c5 2.Nf3 e6 3.d4 cxd4 4.Nxd4 a6 5.Bd3 Bc5 6.Nb3 Ba7 7.Qg4 Nf6 8.Qg3 d6
9.Nc3 Nc6 10.O-O b5 11.Kh1 Bb7 12.f4 O-O 13.Bd2 Kh8 14.Rae1 Nb4 15.f5 Nxd3
16.cxd3 e5 17.Qh4 Ne8 18.f6 gxf6 19.Rf5 Rg8 20.Rh5 Rg7 21.Bh6 Rg6 22.Rf1 Kg8
23.Bd2 Rg7 24.Rf3 f5 25.Rfxf5 Qxh4 26.Rxh4 Bc8 27.Rf1 Be6 28.Ne2 Rc8 29.Bc3 Bg4
30.Ng3 Bb6 31.h3 Be6 32.Nf5 Bxf5 33.Rxf5 a5 34.Bxa5 Bxa5 35.Nxa5 Rc2 36.b4 Rxa2
37.Nc6 Raxg2  1-0

[Event "IBM-B"]
[Site "Amsterdam"]
[Date "1971.??.??"]
[Round "6"]
[White "Zuidema, Coenraad"]
[Black "Enklaar, Bertus F"]
[Result "1-0"]
[WhiteElo "2430"]
[BlackElo "2400"]

1.e4 c5 2.Nf3 e6 3.d4 cxd4 4.Nxd4 a6 5.Bd3 Bc5 6.Nb3 Ba7 7.O-O Ne7 8.Qe2 Nbc6
9.Be3 Bxe3 10.Qxe3 O-O 11.N1d2 e5 12.Nc4 d5 13.exd5 Nxd5 14.Qc5 Nf4 15.Be4 Qg5
16.g3 Be6 17.Kh1 Nh3 18.Bg2 Rad8 19.Rae1 Qf6 20.Nxe5 Nxe5 21.Rxe5 Nxf2+ 22.Kg1 Rd1
23.Rxd1 Nxd1 24.Re1 Bxb3 25.Rxd1 b6 26.Qc7 Bxa2 27.b3 a5 28.Qd7 Qc3 29.Qc6 Qe3+
30.Kh1 g6 31.Bd5 Qf2 32.Qc4 b5 33.Qxb5 Qxc2 34.Rf1 Qc7 35.Qa4 Qd8 36.Rd1 Qg5
37.Qxa2 Rd8 38.Qd2 Qxd2 39.Rxd2 Kg7 40.Rd3 Rb8  1-0

[Event "HUN-ch"]
[Site "Budapest"]
[Date "1971.??.??"]
[Round "2"]
[White "Polgar, Istvan"]
[Black "Portisch, Lajos"]
[Result "1/2-1/2"]
[WhiteElo "2380"]
[BlackElo "2630"]

1.e4 c5 2.Nf3 e6 3.d4 cxd4 4.Nxd4 a6 5.Bd3 Nf6 6.c4 Nc6 7.Nxc6 dxc6 8.Bf4 Nd7
9.Nc3 e5 10.Be3 Bc5 11.Qd2 Qb6 12.Na4 Bxe3 13.fxe3 Qa7 14.b4 a5 15.a3 axb4
16.axb4 Nb6 17.c5 Nxa4 18.Bc2 b5 19.cxb6 Qxb6 20.Bxa4 O-O 21.O-O Ba6 22.Rfd1 Rfd8
23.Qc3 Rxd1+ 24.Rxd1 Bb5 25.Bb3 Qc7 26.Rd5 Qa7 27.Rxe5 Qa1+ 28.Qxa1 Rxa1+
29.Kf2 Kf8 30.Rf5 f6 31.Rc5 Rb1 32.Bc4 Ba4 33.e5 fxe5 34.Rxe5 Rxb4 35.Rf5+ Ke8
36.Bg8 Bc2 37.Rg5 Kf8 38.Be6 Be4 39.Kg3 Rb5 40.Rg4 Re5 41.Rf4+ Ke7 42.Bg8 Bf5
43.Ra4 Kf6 44.Kf3 Re8 45.Ba2 Bd3 46.Rd4 Bg6 47.Kf4 Ra8 48.Bb3 Rb8 49.Bd1 c5
50.Rd6+ Ke7 51.Ke5 c4 52.Rc6 Rb5+ 53.Kd4 Bf7 54.Rc7+ Kf6 55.e4 Be6 56.Rc6 Ke7
57.Rc7+  1/2-1/2

[Event "Candidats final"]
[Site "Buenos Aires"]
[Date "1971.??.??"]
[Round "7"]
[White "Fischer, Robert James"]
[Black "Petrosian, Tigran V"]
[Result "1-0"]
[WhiteElo "2760"]
[BlackElo "2640"]

1.e4 c5 2.Nf3 e6 3.d4 cxd4 4.Nxd4 a6 5.Bd3 Nc6 6.Nxc6 bxc6 7.O-O d5 8.c4 Nf6
9.cxd5 cxd5 10.exd5 exd5 11.Nc3 Be7 12.Qa4+ Qd7 13.Re1 Qxa4 14.Nxa4 Be6 15.Be3 O-O
16.Bc5 Rfe8 17.Bxe7 Rxe7 18.b4 Kf8 19.Nc5 Bc8 20.f3 Rea7 21.Re5 Bd7 22.Nxd7+ Rxd7
23.Rc1 Rd6 24.Rc7 Nd7 25.Re2 g6 26.Kf2 h5 27.f4 h4 28.Kf3 f5 29.Ke3 d4+ 30.Kd2 Nb6
31.Ree7 Nd5 32.Rf7+ Ke8 33.Rb7 Nxb4 34.Bc4  1-0

[Event "Mar del Plata"]
[Site "Mar del Plata"]
[Date "1971.??.??"]
[Round "14"]
[White "Planinec, Albin"]
[Black "Najdorf, Miguel"]
[Result "1-0"]
[WhiteElo "2510"]
[BlackElo "2530"]

1.e4 c5 2.Nf3 e6 3.d4 cxd4 4.Nxd4 a6 5.Bd3 Bc5 6.Nb3 Ba7 7.Qe2 Nc6 8.c4 d6
9.Nc3 Nge7 10.Be3 Bxe3 11.Qxe3 e5 12.O-O O-O 13.Rfd1 Be6 14.Bf1 Rc8 15.Qd2 Nb8
16.Qxd6 Qxd6 17.Rxd6 Bxc4 18.Bxc4 Rxc4 19.Rb6 Rc7 20.Na5 Nd7 21.Rd6 Nc8 22.Rd2 Ncb6
23.Rad1 f6 24.g3 Kf7 25.Rd6 Re8 26.Kg2 Re6 27.R6d2 Re8 28.h4 h5 29.f4 exf4
30.gxf4 Nf8 31.Rd4 Nc8 32.Kf3 b5 33.a4 bxa4 34.Rxa4 Ne6 35.Rb4 Rd8 36.Nd5 Ne7
37.f5 Nc5 38.Rc4 Nxd5 39.exd5 Ke7 40.b4 Rdc8 41.d6+  1-0

[Event "Novy Smokovec"]
[Site "Novy Smokovec"]
[Date "1971.??.??"]
[Round "2"]
[White "Privara, Igor"]
[Black "Banas, Jan"]
[Result "0-1"]
[WhiteElo "2200"]
[BlackElo "2200"]

1.e4 c5 2.Nf3 e6 3.d4 cxd4 4.Nxd4 a6 5.Bd3 Ne7 6.O-O Nbc6 7.Nxc6 Nxc6 8.Nc3 b5
9.Be3 Bb7 10.f4 Be7 11.e5 d5 12.exd6 Qxd6 13.Qg4 g6 14.Rad1 Qc7 15.Qh3 Nb4
16.f5 Nxd3 17.fxe6 Ne5 18.exf7+ Nxf7 19.Qe6 Nd8 20.Qb3 Qc4 21.Rfe1 Qxb3 22.axb3 Rf8
23.Rd2 Rf7 24.Bc5 Rc8 25.b4 Rc7 26.Bb6 Rd7  0-1

[Event "Novy Smokovec"]
[Site "Novy Smokovec"]
[Date "1971.??.??"]
[Round "5"]
[White "Espig, Lutz"]
[Black "Gross, Stefan"]
[Result "1-0"]
[WhiteElo "2460"]
[BlackElo "2200"]

1.e4 c5 2.Nf3 e6 3.d4 cxd4 4.Nxd4 a6 5.Bd3 Nc6 6.Nxc6 bxc6 7.O-O d5 8.c4 Nf6
9.cxd5 cxd5 10.exd5 Qxd5 11.Nc3 Qd7 12.Ne4 Bb7 13.Nxf6+ gxf6 14.Bc2 O-O-O
15.Qxd7+ Rxd7 16.Be3 Rg8 17.f3 h5 18.Rac1 Kb8 19.Bf4+ Ka8 20.Rfd1 Bc5+ 21.Kf1 Rxd1+
22.Bxd1 Bb6 23.Be2 Rd8 24.b3 h4 25.h3 Rg8 26.Bd2 Bd8 27.Be1 f5 28.Rc4 Rh8
29.Ra4 Ka7 30.Bf2+ Bb6 31.Rxh4 Rc8 32.Bc4 Rd8 33.Bxb6+ Kxb6 34.Rh7 Rd1+ 35.Ke2 Ra1
36.a4 Ra2+ 37.Kf1 Ra1+ 38.Kf2 Ra2+ 39.Kg3 e5 40.Rxf7 f4+ 41.Kg4 Bc8+ 42.Kg5 Rxg2+
43.Kf6 e4 44.fxe4 f3 45.Ke5 f2 46.h4 Rh2 47.Kd4  1-0

[Event "Venice"]
[Site "Venice"]
[Date "1971.??.??"]
[Round "4"]
[White "Damjanovic, Mato"]
[Black "Zichichi, Alvise"]
[Result "1-0"]
[WhiteElo "2490"]
[BlackElo "2350"]

1.e4 c5 2.Nf3 e6 3.d4 cxd4 4.Nxd4 a6 5.Bd3 Nc6 6.Nxc6 dxc6 7.O-O e5 8.Nd2 Bd6
9.Nc4 Bc7 10.f4 exf4 11.e5 g5 12.Qh5 Be6 13.Kh1 h6 14.Bd2 Ne7 15.Bb4 Nd5
16.Bc5 g4 17.Nd6+ Bxd6 18.exd6 Qg5 19.Qxg5 hxg5 20.c4 Nf6 21.Kg1 Rh6 22.Bd4 Kf8
23.Rae1 Kg7 24.Re5 Rh5 25.Rfe1 g3 26.h4 Kf8 27.Rxe6 Ng4 28.Re7 c5 29.d7  1-0

[Event "Islington op"]
[Site "Islington"]
[Date "1972.12.15"]
[Round "1"]
[White "Basman, Michael J"]
[Black "Fox, Terry C"]
[Result "1-0"]
[WhiteElo "2328"]
[BlackElo "2224"]

1.e4 c5 2.Nf3 e6 3.d4 cxd4 4.Nxd4 a6 5.Bd3 Nc6 6.Nxc6 bxc6 7.O-O d5 8.c4 Nf6
9.cxd5 cxd5 10.exd5 Nxd5 11.Be4 Ra7 12.Qd4 Rd7 13.Nc3 Nb4 14.Qc4 Be7 15.Qb3 O-O
16.Be3 Qc7 17.a3 Nc6 18.Rac1 Na5 19.Qa4 Nc4 20.Nd1 Nb6 21.Qa5 Nc4 22.Qa4 Nb6
23.Qa5 Nc4 24.Qxc7 Rxc7 25.Bb6 Bg5 26.Rc2  1-0

[Event "Islington op"]
[Site "Islington"]
[Date "1972.12.17"]
[Round "5"]
[White "Century, Jonathan"]
[Black "Osmond, M."]
[Result "1-0"]
[WhiteElo "2280"]
[BlackElo "2056"]

1.e4 c5 2.Nf3 e6 3.d4 cxd4 4.Nxd4 a6 5.Bd3 Bc5 6.Nb3 Ba7 7.O-O Nc6 8.c4 Nf6
9.Nc3 O-O 10.Qe2 d5 11.exd5 exd5 12.cxd5 Nxd5 13.Bxh7+ Kxh7 14.Qh5+ Kg8 15.Qxd5 Qxd5
16.Nxd5 Be6 17.Nc7 Bxb3 18.Nxa8 Bc4 19.Nc7 Bb6 20.Bf4 Bxf1 21.Kxf1 Nb4 22.Bd6 Rc8
23.Bxb4 Rxc7 24.Bc3 Rd7 25.Re1 Bd8 26.Re8+ Kh7 27.Ke2 Kg6 28.Re4 Bf6 29.Bxf6 Kxf6
30.Rb4 Kf5 31.Rb6 f6 32.Ke3 Re7+ 33.Kd3 Rc7 34.Rb4 Kg5 35.Rc4 Re7 36.Rc2 Kf5
37.Kc3 g5 38.Kb4 Re5 39.Rc5 b6 40.Rxe5+ Kxe5  1-0

[Event "Buenos Aires CA"]
[Site "Buenos Aires"]
[Date "1972.??.??"]
[Round "5"]
[White "Cuasnicu, Oscar"]
[Black "Debarnot, Roberto"]
[Result "0-1"]
[WhiteElo "2370"]
[BlackElo "2375"]

1.e4 c5 2.Nf3 e6 3.d4 cxd4 4.Nxd4 a6 5.Bd3 Nf6 6.O-O Qc7 7.Qe2 d6 8.c4 Nc6
9.Nxc6 bxc6 10.Nc3 Be7 11.f4 Nd7 12.Kh1 a5 13.Qg4 g6 14.Be3 Rb8 15.Rab1 f5
16.Qe2 O-O 17.exf5 exf5 18.Bd4 Bf6 19.Qe6+ Rf7 20.Qe3 Re7 21.Qf2 Ba6 22.Bxf6 Nxf6
23.Qd4 Kf7 24.c5 dxc5 25.Bc4+ Kg7 26.Qxc5 Bxc4 27.Qxc4 Rb4 28.Qc5 Rd7 29.Rbe1 Rxf4
30.Rxf4 Qxf4 31.Qxc6 Ng4  0-1

[Event "Buenos Aires CA"]
[Site "Buenos Aires"]
[Date "1972.??.??"]
[Round "9"]
[White "Schweber, Samuel"]
[Black "Rubinetti, Jorge A"]
[Result "1/2-1/2"]
[WhiteElo "2445"]
[BlackElo "2410"]

1.e4 c5 2.Nf3 e6 3.d4 cxd4 4.Nxd4 a6 5.Bd3 Nc6 6.Nxc6 bxc6 7.O-O d5 8.c4 Nf6
9.exd5 cxd5 10.cxd5 Qxd5 11.Nc3 Qc6 12.Be2 Qd7 13.Bf3 Rb8 14.Bf4 Rb4 15.Be5 Qxd1
16.Rfxd1 Bb7 17.Bxb7 Rxb7 18.Rac1 Be7 19.Ne4 O-O 20.Nxf6+ Bxf6 21.Bxf6 gxf6
22.b3 Ra8 23.Rc3 f5 24.Kf1 a5 25.a3 Kg7 26.Ke2 Kf6 27.Rd4 Rab8 28.Rdd3 Rb5
29.Kd2 h5 30.Kc2 h4 31.Rd4 Rg8 32.g3 hxg3 33.hxg3 Rh8 34.a4 Re5 35.f4 Re2+
36.Rd2 Rxd2+ 37.Kxd2 Rb8 38.Kc2 Rb7 39.Rc5 Ra7 40.Kc3 Kg6 41.b4 axb4+ 42.Kxb4 Kh5
43.a5 Kg4 44.Rc3 Ra8 45.Ra3 f6 46.Re3 Rb8+ 47.Kc5 Ra8 48.Kb5 Rb8+ 49.Ka4 Ra8
50.Kb5 Rb8+ 51.Kc6 Ra8 52.Kb6 Rb8+ 53.Kc6 Ra8 54.Kd7 Rxa5 55.Kxe6 Ra6+ 56.Kf7 Rb6
57.Kg6 Ra6 58.Rb3 Rc6 59.Rb5 Ra6 60.Rd5 Rb6 61.Ra5 Rc6  1/2-1/2

[Event "Buenos Aires CA"]
[Site "Buenos Aires"]
[Date "1972.??.??"]
[Round "10"]
[White "Cuasnicu, Oscar"]
[Black "Juarez, Carlos Eleodoro"]
[Result "1-0"]
[WhiteElo "2370"]
[BlackElo "2320"]

1.e4 c5 2.Nf3 e6 3.d4 cxd4 4.Nxd4 a6 5.Bd3 Qc7 6.Nc3 Nf6 7.O-O b5 8.a3 Be7
9.Kh1 O-O 10.f4 d6 11.Qf3 Bb7 12.Qh3 g6 13.Nf3 Nbd7 14.f5 e5 15.Bh6 Rfe8
16.fxg6 hxg6 17.Ng5 Qc8 18.Nd5 Bxd5 19.exd5 Nc5 20.Bf5 Qb7 21.Nxf7 Qxd5 22.Bxg6 Qe6
23.Rf5  1-0

[Event "Esbjerg op"]
[Site "Esbjerg"]
[Date "1972.??.??"]
[Round "2"]
[White "Enevoldsen, Jens"]
[Black "Moe, Mogens"]
[Result "1-0"]
[WhiteElo "2350"]
[BlackElo "2340"]

1.e4 c5 2.Nf3 e6 3.d4 cxd4 4.Nxd4 a6 5.Bd3 Nc6 6.Nxc6 bxc6 7.O-O d5 8.c4 d4
9.e5 c5 10.Re1 Ne7 11.Bg5 Qc7 12.Bxe7 Bxe7 13.Nd2 Rb8 14.b3 g6 15.Nf3 O-O
16.Qd2 f5 17.exf6 Bxf6 18.Qe2 Qf4 19.g3 Qh6 20.Ne5 Bxe5 21.Qxe5 Rxf2 22.Kxf2 Qxh2+
23.Kf3 Bb7+ 24.Kg4 Rf8 25.Rf1 Bf3+ 26.Rxf3 Qh5+ 27.Qxh5 gxh5+ 28.Kh3 Rxf3
29.Be2 Re3 30.Bxh5 e5 31.Rf1 e4 32.Rf5 d3 33.Rxc5 Re1 34.Rd5 Ra1 35.Rd4 Rh1+
36.Kg2 Rxh5 37.Rxe4 Rh6 38.Rd4 Re6 39.Kf3 Re2 40.a4 Rd2 41.Ke3 Rg2 42.Rg4+  1-0

[Event "WchT U26"]
[Site "Graz"]
[Date "1972.??.??"]
[Round "3"]
[White "Diaz, Joaquin C"]
[Black "Ost Hansen, Jacob"]
[Result "1/2-1/2"]
[WhiteElo "2305"]
[BlackElo "2200"]

1.e4 c5 2.Nf3 e6 3.d4 cxd4 4.Nxd4 a6 5.Bd3 Bc5 6.Nb3 Ba7 7.Nc3 Nc6 8.Qe2 d6
9.Be3 Bxe3 10.Qxe3 Nf6 11.O-O O-O 12.Be2 b5 13.Rad1 Qc7 14.f4 Bb7 15.Bf3 Rfd8
16.Kh1 Rac8 17.Rd2 Ne7 18.e5 dxe5 19.Bxb7 Qxb7 20.fxe5 Nfd5 21.Qf3 Ng6 22.Nxd5 Rxd5
23.Rxd5 exd5 24.Qf5 Re8 25.Nc5 Qe7 26.Nxa6 Nxe5 27.c3 Nc4 28.Qf2 Ne3 29.Rg1 Qd7
30.Re1 d4 31.cxd4 Qxd4 32.Nc7 Re5 33.Qf3 h6 34.Nxb5 Rxb5 35.Rxe3 Rxb2 36.Re8+ Kh7
37.Qf5+ g6 38.Qxf7+ Qg7 39.Qxg7+ Kxg7  1/2-1/2

[Event "URS-chT Moscow"]
[Site "Moscow"]
[Date "1972.??.??"]
[Round "?"]
[White "Mikhalchishin, Adrian"]
[Black "Gorchakov, A."]
[Result "0-1"]
[WhiteElo "2200"]
[BlackElo "2355"]

1.e4 c5 2.Nf3 e6 3.d4 cxd4 4.Nxd4 a6 5.Bd3 Nc6 6.Nxc6 bxc6 7.O-O d5 8.c4 Nf6
9.cxd5 cxd5 10.exd5 Qxd5 11.Nc3 Qd7 12.Bg5 Be7 13.Qe2 Bb7 14.Rac1 O-O 15.Rfd1 Qe8
16.b3 h6 17.Bh4 Nd7 18.Bxe7 Qxe7 19.Be4 Nf6 20.Bxb7 Qxb7 21.Na4 Qb5 22.Nc3 Qb7
23.Na4 Rac8 24.h3 Nd5 25.Qf3 Qb4 26.Qd3 Nf4 27.Qe3 Nd5 28.Qd3 a5 29.Rc4 Qa3
30.Rxc8 Rxc8 31.Qa6 Rc1 32.Rxc1 Qxc1+ 33.Qf1 Qc2 34.Qa1 Nb4 35.Qe5 Qxa2 36.Qxa5 Qxb3
37.Nc5 Qd1+ 38.Kh2 Qd6+ 39.g3 Nd5 40.Ne4 Qe5 41.Qa4 g5 42.Kg2 Kg7 43.Qc4 h5
44.Nd2 h4 45.Nf3 Qxg3+ 46.fxg3 Ne3+ 47.Kf2 Nxc4 48.Nxg5 hxg3+ 49.Kxg3 Kg6
50.h4 e5 51.Ne4 f5 52.Nc5 Kf6 53.Nd3 Ne3 54.Nc5 Nc4 55.Nd3 Nb6 56.Nb4 Nd7
57.Nd5+ Ke6 58.Nc7+ Kf7 59.h5 Nf6 60.Kh4 f4 61.Na6 Nd5 62.Nc5 Kf6 63.Nd3 e4
64.Nc5 Kf5  0-1

[Event "Rubinstein mem"]
[Site "Polanica Zdroj"]
[Date "1972.??.??"]
[Round "13"]
[White "Haag, Ervin"]
[Black "Adamski, Jan"]
[Result "1/2-1/2"]
[WhiteElo "2440"]
[BlackElo "2370"]

1.e4 c5 2.Nf3 e6 3.d4 cxd4 4.Nxd4 a6 5.Bd3 Nf6 6.Nc3 d6 7.O-O Nbd7 8.Kh1 b5
9.a3 Bb7 10.f4 g6 11.Qe1 Bg7 12.Bd2 O-O 13.Nf3 Qc7 14.Qh4 Rae8 15.Rae1 e5
16.fxe5 dxe5 17.Bg5 Qd6 18.Nd2 Nh5 19.Nb3 h6 20.Be3 Rc8 21.Rd1 Qe6 22.a4 Nf4
23.axb5 g5 24.Qg3 axb5 25.Bxb5 Nf6 26.Nc5 Qe7 27.b4 Rfd8 28.Rfe1 Ba8 29.Rxd8+ Rxd8
30.Bc4 Bf8 31.h3 Qc7 32.Bb3 Nd7 33.N3a4 Nf6 34.Qf3 Kg7 35.Kg1 Qb8 36.c3 Bc6
37.Nb6 Be7 38.Kh2 h5 39.Bc2 g4 40.Qf1 h4 41.Nd5 Bxd5 42.exd5 N6xd5 43.Bc1 Bxc5
44.bxc5 e4 45.Kg1 gxh3  1/2-1/2

[Event "Sao Paulo zt"]
[Site "Sao Paulo"]
[Date "1972.??.??"]
[Round "10"]
[White "Rodriguez Vargas, Orestes"]
[Black "Rubinetti, Jorge A"]
[Result "0-1"]
[WhiteElo "2420"]
[BlackElo "2425"]

1.e4 c5 2.Nf3 e6 3.d4 cxd4 4.Nxd4 a6 5.Bd3 g6 6.O-O Bg7 7.c3 d6 8.f4 Nf6
9.Nd2 O-O 10.N2f3 Nbd7 11.Bc2 Qc7 12.Qe1 b5 13.Qh4 Bb7 14.f5 e5 15.Ne2 d5
16.exd5 Bxd5 17.Bg5 Qc4 18.Qe1 Be4 19.Bxe4 Nxe4 20.fxg6 Nxg5 21.Nxg5 hxg6
22.Ng3 f6 23.N5e4 f5 24.Nd2 Qc5+ 25.Kh1 e4 26.Nb3 Qe7 27.Nd4 Rae8 28.Nge2 Nc5
29.Nf4 Qf7 30.Qg3 Kh7 31.b4 Na4 32.Rad1 Nb2 33.Rde1 Bh6 34.h4 Bxf4 35.Rxf4 Nd3
36.Ref1 Nxf4 37.Rxf4 e3 38.h5 e2 39.hxg6+ Qxg6 40.Rh4+ Kg7  0-1

[Event "Skopje ol (Men) fin-B"]
[Site "Skopje"]
[Date "1972.??.??"]
[Round "1"]
[White "Diaz, Joaquin C"]
[Black "Zorigt, D."]
[Result "1-0"]
[WhiteElo "2200"]
[BlackElo "2270"]

1.e4 c5 2.Nf3 e6 3.d4 cxd4 4.Nxd4 a6 5.Bd3 Nc6 6.Nxc6 bxc6 7.O-O Qc7 8.c4 Nf6
9.Qe2 d5 10.Nc3 Be7 11.exd5 cxd5 12.cxd5 Nxd5 13.Nxd5 exd5 14.Bg5 f6 15.Rac1 Qe5
16.Qxe5 fxe5 17.Bxe7 Kxe7 18.Rc7+ Bd7 19.Bf5 Rad8 20.Rd1 d4 21.f4 Rhf8 22.Bxd7 Rxd7
23.Rxd7+ Kxd7 24.fxe5 Rf4 25.g3 Re4 26.Kf2 Ke6 27.Re1 Rg4 28.Kf3 Rg5 29.g4 h5
30.Re4 hxg4+ 31.Rxg4 Rf5+ 32.Ke4 Rxe5+ 33.Kxd4 Ra5 34.Rxg7 Rxa2 35.Kc3 a5
36.Rg4 Ra1 37.Kb3 Rh1 38.h4 Rh2 39.Rg6+ Kd7 40.Rh6 Ke7 41.Ka3 Rh1 42.b3 Ra1+
43.Kb2 Rh1 44.Kc3 Rc1+ 45.Kd4 Rb1 46.Kc4 Rc1+ 47.Kb5 Rb1 48.Kc4 Rc1+ 49.Kd3 Rh1
50.Rh7+ Kf8 51.Kc3 Rc1+ 52.Kb2 Rh1 53.Ra7 Rxh4 54.Rxa5 Ke7 55.Rd5 Ke6 56.Rd8 Rh7
57.Rd3 Ke5 58.Kc3 Ke4 59.Rd6 Ke5 60.Rb6 Rh4 61.b4 Kd5 62.Kb3 Rh8 63.Ka4 Ra8+
64.Kb5 Rc8 65.Rb7 Kd6 66.Ka6 Kc6 67.b5+ Kc5 68.b6 Kc6 69.Ka7 Rf8 70.Rc7+  1-0

[Event "Skopje ol (Men) prel"]
[Site "Skopje"]
[Date "1972.??.??"]
[Round "2"]
[White "Shirazi, Kamran G"]
[Black "Cardoso, Radolfo Tan"]
[Result "1-0"]
[WhiteElo "2200"]
[BlackElo "2200"]

1.e4 c5 2.Nf3 e6 3.d4 cxd4 4.Nxd4 a6 5.Bd3 Qc7 6.O-O Nf6 7.Nd2 Be7 8.c4 d6
9.b3 Nbd7 10.Bb2 O-O 11.Rc1 b6 12.Bb1 Bb7 13.Rc3 Nc5 14.Rh3 e5 15.Nf5 Rfd8
16.Qf3 Bf8 17.Nh6+ Kh8 18.Rg3 Qe7 19.Nf5 Qe6 20.Ne3 g6 21.Nd5 Bxd5 22.exd5 Qe7
23.Qe3 Kg8 24.Rh3 Ng4 25.Qg3 f5 26.Re1 Bh6 27.Nf1 Qf8 28.Qh4 g5 29.Qg3 e4
30.b4 Na4 31.Bc1 Re8 32.f3 exf3 33.Rxe8 Rxe8 34.gxf3 Nc3 35.Bd3 Ne5 36.Bxg5 Bg7
37.Bd2 Ng6 38.Qf2 f4 39.Rxh7 Ne2+ 40.Bxe2 Kxh7 41.Bd3 Qf6 42.Kh1 Kg8 43.Qxb6 Nh4
44.Qf2 Qg5 45.Ng3 Bd4 46.Qxd4 fxg3 47.hxg3 Qxg3 48.Qg4+ Qxg4 49.fxg4 Rf8
50.c5 Rf3 51.Bxa6 Rh3+ 52.Kg1 Ra3 53.Be2 Rxa2 54.cxd6 Ra7 55.Be3 Rg7 56.Bg5 Ng6
57.Kf2 Rd7 58.Ke3 Rxd6 59.Kd4 Kf7 60.Kc5 Rd7 61.Bb5 Ra7 62.Bc6 Ne5 63.b5 Ra4
64.b6 Nd3+ 65.Kd6 Rxg4 66.b7 Rb4 67.Kc7 Nc5 68.Kc8 Na6 69.Bd8 Rb3 70.Bc7 Rc3
71.b8=Q Nxb8 72.Bxb8 Ke7 73.d6+ Kf6 74.d7  1-0

[Event "Skopje ol (Men) prel"]
[Site "Skopje"]
[Date "1972.??.??"]
[Round "2"]
[White "Shorbagay"]
[Black "Lombard, Andre"]
[Result "0-1"]
[WhiteElo "2200"]
[BlackElo "2380"]

1.e4 c5 2.Nf3 e6 3.d4 cxd4 4.Nxd4 a6 5.Bd3 Nc6 6.Ne2 Nf6 7.Nd2 d5 8.O-O Bd6
9.Ng3 O-O 10.f4 e5 11.f5 b5 12.exd5 Nb4 13.Nde4 Nbxd5 14.Kh1 Bb7 15.Bg5 Be7
16.Bxf6 Bxf6 17.Qf3 Qb6 18.Nh5 Kh8 19.Rae1 Rad8 20.Qh3 Rfe8 21.Qg4 Rg8 22.Rf3 Bc8
23.Rh3 Be7 24.Ng5 Bxg5 25.Qxg5 f6 26.Qh4 h6 27.Rg3 Ne7 28.Rf3 Rd4 29.Qf2 Rd6
30.Qe2 Nc6 31.c3 Qd8 32.Ng3 Qb6 33.Ne4 Rd7 34.b4 Nd8 35.Nc5 Re7 36.a4 Nb7
37.Ne4 Bd7 38.a5 Qc7 39.c4 Nd6 40.Nc5 bxc4 41.Bxc4 Nxc4 42.Qxc4 Bc8 43.Qe4 Bb7
44.Nxb7 Qxb7 45.Rc3 Rd8 46.h3 Rd4 47.Qxb7 Rxb7 48.Rb1 Rbxb4 49.Rxb4 Rxb4
50.Rc6 Rf4 51.Rxa6 Rxf5 52.Ra8+ Kh7 53.Kg1 Rf4 54.a6 Kg6 55.Ra7 Ra4 56.g3 Ra2
57.Kf1 h5 58.Kg1 h4 59.g4 Kh6 60.Kf1 Kh7 61.Ra8 Kg6 62.Ra7 Rh2 63.Re7 Rxh3
64.a7 Ra3 65.Kg2 Kh6 66.Kh2 g6 67.Rf7 Kg5 68.Kg2 e4 69.Kh2 Ra2+ 70.Kg1 e3
71.Rg7 Ra1+ 72.Kg2 e2 73.Re7 Rxa7 74.Rxe2 Kxg4 75.Rb2 f5 76.Kh2 g5 77.Rd2 f4
78.Rb2 Ra3 79.Kg2 Re3 80.Kh2 f3 81.Rb4+ Kf5 82.Rb8 Kf4 83.Rf8+ Kg4 84.Rg8 Re2+
85.Kg1 h3 86.Kf1 Rg2 87.Rh8 h2  0-1

[Event "Skopje ol (Men) prel"]
[Site "Skopje"]
[Date "1972.??.??"]
[Round "3"]
[White "Avgousti, Petrakis"]
[Black "Trois, Francisco RT"]
[Result "1-0"]
[WhiteElo "2200"]
[BlackElo "2200"]

1.e4 c5 2.Nf3 e6 3.d4 cxd4 4.Nxd4 a6 5.Bd3 Qc7 6.O-O b5 7.Be3 Bb7 8.Nd2 Nf6
9.f4 Be7 10.Rc1 d6 11.a3 d5 12.e5 Ne4 13.N2b3 O-O 14.Qg4 Nc6 15.Rf3 Bc8 16.Rh3 Nxd4
17.Qh5 Ne2+ 18.Bxe2 h6 19.Bd3 f5 20.Qg6 Kh8 21.Rf1 Bd8 22.Rff3 Ra7 23.Bxe4 dxe4
24.Rxh6+ gxh6 25.Qxh6+ Kg8 26.Rg3+ Qg7 27.Bxa7  1-0

[Event "Skopje ol (Men) prel"]
[Site "Skopje"]
[Date "1972.??.??"]
[Round "4"]
[White "Jansa, Vlastimil"]
[Black "Visier Segovia, Fernando"]
[Result "1/2-1/2"]
[WhiteElo "2480"]
[BlackElo "2365"]

1.e4 c5 2.Nf3 e6 3.d4 cxd4 4.Nxd4 a6 5.Bd3 Nc6 6.Nxc6 bxc6 7.O-O Qc7 8.c4 Nf6
9.Nc3 Rb8 10.Qe2 e5 11.Be3 d6 12.c5 dxc5 13.Bxa6 Bxa6 14.Qxa6 Be7 15.b3 O-O
16.f3 Rb4 17.Qe2 c4 18.bxc4 Qa5 19.Rfc1 Ra8 20.Rc2 Nd7 21.Nd1 Bc5 22.Rb2 Bxe3+
23.Nxe3 Rxb2 24.Qxb2 Qc5 25.Qf2 g6 26.Rd1 Nb6 27.Rd3 h5 28.h4 Ra4  1/2-1/2

[Event "Skopje ol (Men) prel"]
[Site "Skopje"]
[Date "1972.??.??"]
[Round "5"]
[White "Kaplan, Julio P"]
[Black "Bobotsov, Milko G"]
[Result "1/2-1/2"]
[WhiteElo "2470"]
[BlackElo "2455"]

1.e4 c5 2.Nf3 e6 3.d4 cxd4 4.Nxd4 a6 5.Bd3 Nc6 6.Nxc6 dxc6 7.O-O e5 8.Nd2 Bd6
9.Nc4 Bc7 10.Be3 Be6 11.Qe1 b5 12.Nd2 Nf6 13.Nb3 Bxb3 14.axb3 O-O 15.Qc3 Qd7
16.b4 Bd6 17.Bc5 Bxc5 18.bxc5 Qe7 19.Ra5 Ne8 20.b4 Nc7 21.Qd2 Rfd8 22.Qe3 Rd4
23.c3 Rd7 24.Be2 Rad8 25.Raa1 h6 26.g3 Rd2 27.Rfd1 Qg5 28.Qxg5 hxg5 29.Kf1 Rxd1+
30.Rxd1 Rxd1+ 31.Bxd1 Kf8  1/2-1/2

[Event "Skopje ol (Men) fin-B"]
[Site "Skopje"]
[Date "1972.??.??"]
[Round "6"]
[White "Roehrl, Karl"]
[Black "Cuellar Gacharna, Miguel"]
[Result "1/2-1/2"]
[WhiteElo "2380"]
[BlackElo "2395"]

1.e4 c5 2.Nf3 e6 3.d4 cxd4 4.Nxd4 a6 5.Bd3 Qc7 6.O-O Nf6 7.Be3 Bc5 8.Qe2 O-O
9.Nc3 d6 10.Nb3 Nbd7 11.Rfe1 Bxe3 12.Qxe3 b5 13.a3 Bb7 14.Rad1 Rac8 15.h3 Rfd8
16.Rd2 Ne5 17.f4 Ng6 18.Rf2 Nd7 19.Qg3 Nc5 20.f5 Ne5 21.f6 g6 22.Qg5 Kf8
23.Nc1 Ke8 24.Bf1 Ncd7 25.Nd3 Qb6 26.Qh4 h5 27.Nf4 Nf8 28.Nd3 Nc4 29.Qg5 Rd7
30.Qc1 Rdc7 31.Nd5 Bxd5 32.exd5 Ne5 33.Nxe5 Rxc2 34.Qe3 Qxe3 35.Rxe3 dxe5
36.dxe6 Nxe6 37.Rxe5 Rxf2 38.Kxf2 Rc2+ 39.Re2 Rc5 40.Rd2 Rf5+ 41.Kg1 Nc7
42.Rd6 Rd5 43.Rxd5 Nxd5 44.a4 Nc7 45.axb5 axb5 46.Kf2 Kd7 47.Ke3 Kd6 48.Ke4 h4  1/2-1/2

[Event "Skopje ol (Men) prel"]
[Site "Skopje"]
[Date "1972.??.??"]
[Round "7"]
[White "Sutton, Richard John"]
[Black "Darga, Klaus"]
[Result "1/2-1/2"]
[WhiteElo "2200"]
[BlackElo "2540"]

1.e4 c5 2.Nf3 e6 3.d4 cxd4 4.Nxd4 a6 5.Bd3 Nf6 6.O-O d6 7.c4 Be7 8.Nc3 O-O
9.Re1 Re8 10.Be3 Nbd7 11.f3 Bf8 12.Bf2 b6 13.Bf1 Bb7 14.Nc2 Qc7 15.Qd2 Red8
16.Rac1 Rac8 17.Red1 Qb8 18.Ne3 Bc6 19.b4 Ne5 20.a3 Be8 21.Qa2 Be7 22.Be2 Rd7
23.f4 Ng6 24.g3 Rdc7 25.Bf3 b5 26.Ne2 bxc4 27.Rxc4 Bb5 28.Rxc7 Rxc7 29.Rd2 Qc8
30.Kg2 Bc6 31.Qb1 Bb7 32.Qd3 Nf8 33.Rc2 Rxc2 34.Nxc2 d5 35.e5 Ne4 36.Bd4 Bc6
37.Ne3 Nd7 38.Qc2 Qb7 39.Kg1  1/2-1/2

[Event "Skopje ol (Men) fin-B"]
[Site "Skopje"]
[Date "1972.??.??"]
[Round "7"]
[White "Littlewood, John Eric"]
[Black "Muco, Fatos"]
[Result "1/2-1/2"]
[WhiteElo "2340"]
[BlackElo "2200"]

1.e4 c5 2.Nf3 e6 3.d4 cxd4 4.Nxd4 a6 5.Bd3 Nc6 6.Nxc6 dxc6 7.O-O e5 8.a4 Bd6
9.Nd2 Be6 10.Nc4 Bc7 11.a5 Nf6 12.Qe1 O-O 13.Kh1 Nh5 14.Ne3 Re8 15.g3 Qd6
16.Qd1 Nf6 17.Qf3 Qd7 18.Rg1 Ng4 19.Bc4 Nxe3 20.Bxe6 Qxe6 21.Bxe3 Qc4 22.Rgc1 Rad8
23.Kg2 Re6 24.b3 Qc3 25.Bg5 Qxf3+ 26.Kxf3 Rd4 27.Be3 Rd7 28.Bc5 Re8 29.Rd1 Red8
30.Rxd7 Rxd7 31.Ke2 f6 32.g4 Kf7 33.b4 Ke6 34.Ra3 Rd8 35.Rd3 Rh8 36.Be3 h5
37.h3 hxg4 38.hxg4 Rh4 39.Kf3 Rh1 40.Bc5 Rg1 41.Rd2 g6 42.Rd3 Rc1 43.Rd2 Ra1
44.Kg2 Ra2 45.f3 Ra3 46.Rd3  1/2-1/2

[Event "Skopje ol (Men) fin-B"]
[Site "Skopje"]
[Date "1972.??.??"]
[Round "15"]
[White "Jigjidsuren, Purev"]
[Black "Turalakay"]
[Result "1/2-1/2"]
[WhiteElo "2200"]
[BlackElo "2200"]

1.e4 c5 2.Nf3 e6 3.d4 cxd4 4.Nxd4 a6 5.Bd3 Nc6 6.Be3 Qc7 7.O-O Nf6 8.Nxc6 dxc6
9.c4 e5 10.Qb3 Be6 11.Bb6 Qb8 12.Nc3 Nd7 13.a4 Bc5 14.Bxc5 Nxc5 15.Qc2 a5
16.Ne2 O-O 17.Ng3 Rd8 18.Rfd1 Qc7 19.Bf1 Rxd1 20.Rxd1 Rd8 21.Rxd8+ Qxd8 22.Qc3  1/2-1/2

[Event "SWE-ch"]
[Site "?"]
[Date "1972.??.??"]
[Round "12"]
[White "Olsson, Ake"]
[Black "Akvist, Hakan"]
[Result "1-0"]
[WhiteElo "2380"]
[BlackElo "2310"]

1.e4 c5 2.Nf3 e6 3.d4 cxd4 4.Nxd4 a6 5.Bd3 Qc7 6.O-O Nc6 7.Nxc6 dxc6 8.a4 a5
9.Nd2 e5 10.Nc4 Be6 11.f4 Bxc4 12.Bxc4 Nf6 13.Qf3 Bd6 14.f5 Bc5+ 15.Kh1 h5
16.g3 O-O-O 17.h3 Rd4 18.Bd3 Rd7 19.Kg2 Qb6 20.b3 Ne8 21.Bd2 g6 22.Rad1 Qd8
23.Be3 Qb6 24.Bxc5 Qxc5 25.fxg6 fxg6 26.Bc4 Rxd1 27.Qxd1 Nd6 28.Bd3 Qe3 29.Rf3 Qg5
30.Qe1 Qd8 31.Qc3 Re8 32.Qc5 Kb8 33.b4 axb4 34.a5 g5 35.Rf1 g4 36.h4 b3 37.cxb3 Nf5
38.exf5 Qxd3 39.f6 Qe4+ 40.Kh2  1-0